Les albums les plus vendus en France - Statistiques

Statistiques générales
  • Ce quiz a été pris 96 fois
  • Le résultat moyen est 15 sur 58
Statistiques - réponses
Artiste ou album % Correct
1 Céline Dion - D'eux (1995)
65%
3 Michael Jackson - Thriller (1982)
64%
21 Johnny Hallyday - Sang pour sang (1999)
54%
26 Céline Dion - S'il suffisait d'aimer (1998)
53%
43 Céline Dion - Falling Into You (1996)
51%
58 Michael Jackson - Bad (1987)
51%
42 Céline Dion - Let's Talk About Love (1997)
50%
30 Johnny Hallyday - À la vie, à la mort ! (2002)
50%
10 Jean-Jacques Goldman - Entre gris clair et gris foncé (1987)
42%
14 Michael Jackson - Dangerous (1991)
42%
57 Michael Jackson - HIStory: Past,Present and Future, Book I (1995)
42%
24 Jean-Jacques Goldman - Chansons pour les pieds (2001)
41%
37 Jean-Jacques Goldman - En passant (1997)
41%
35 Jean-Jacques Goldman - Non homologué (1985)
41%
48 Jean-Jacques Goldman - Positif (1984)
39%
25 IAM - L'École du micro d'argent (1997)
38%
2 Francis Cabrel - Samedi soir sur la Terre (1994)
32%
17 Stromae - Racine carrée (2013)
32%
12 Renaud - Boucan d'enfer (2002)
30%
18 Francis Cabrel - Hors-saison (1999)
28%
13 Francis Cabrel - Sarbacane (1989)
28%
55 Francis Cabrel - 77-87 (1987)
27%
56 Francis Cabrel - Fragile (1980)
27%
5 Patrick Bruel - Alors regarde (1989)
26%
16 Patrick Bruel - Entre-deux... (2002)
26%
7 The Beatles - 1962-1966 (1973)
26%
20 Florent Pagny - Savoir aimer (1997)
24%
51 France Gall - Babacar (1987)
24%
23 Mylène Farmer - Ainsi soit je...(1988)
23%
32 Mylène Farmer - Anamorphosée (1995)
23%
27 Mylène Farmer - Innamoramento (1999)
23%
11 Mylène Farmer - L'autre... (1991)
23%
19 Mylène Farmer - Les mots (2001)
23%
54 Florent Pagny - Ailleurs Land (2003)
22%
38 Daniel Balavoine - Sauver l'amour (1985)
20%
45 Zaz - Zaz (2010)
20%
9 Pink Floyd - The Dark Side of the Moon (1973)
19%
29 Indochine - Paradize (2002)
18%
22 Adele - 21 (2011)
16%
39 Pascal Obispo - Superflu (1996)
16%
33 Calogero - Calog3ro (2004)
15%
34 Calogero - Calogero (2002)
15%
40 Nirvana - Nevermind (1991)
14%
6 Louise Attaque - Louise attaque (1997)
12%
31 Kendji Girac -Kendji (2014)
11%
8 Notre-Dame de Paris (1998)
11%
28 Louane - Chambre 12 (2015)
7%
41 MIKA - Life in Cartoon Motion - (2007)
7%
47 Olivia Ruiz - La Femme chocolat (2005)
7%
52 Bénabar - Reprise des négociations (2005)
4%
50 Kyo - Le Chemin (2003)
4%
46 Led Zeppelin - [Led Zeppelin IV] (1971)
4%
4 Supertramp - Breakfast in America (1979)
4%
44 Yannick Noah - Charango (2006)
4%
49 Christophe Willem - Inventaire (2007)
3%
53 Manu Chao - Clandestino (1998)
3%
36 Yannick Noah - Pokhara (2003)
3%
15 Frederick Goldman Jones - Frederick Goldman Jones (1990)
0%
Aucun quiz correspondant
Distribution des résultats
% des personnes avec chaque résultat
Percentile par nombre de réponses
Votre historique - résultats
Vous n’avez pas pris ce quiz